Česko-francouzský hospodářský slovník

Saved in:
Bibliographic Details
Main Author: Dubský, Ota
Format: Book
Language:Czech
French
Published: Praha Orbis 1955
Edition:1. vyd.
Series:Zahraniční obchod
Online Access:View in OPAC
Tags: Add Tag
No Tags, Be the first to tag this record!

MARC

LEADER 00000nam a2200000 a 4500
005 20260127133941.0
008 000509s1955 cs grd 000 m cze c
035 |a vtls008505688 
035 |a SAVUKc082907 
039 9 |a 200809171140  |b mschk03  |y 200602030305  |z VLOAD 
040 |a SAVUK  |b slo  |c SNK  |e AACR2  |d STUSCHK1 
041 1 |a cze  |a fre 
044 |a cs  |c CS 
080 |a 801.323.2=850=40 
100 1 |a Dubský, Ota 
245 1 0 |a Česko-francouzský hospodářský slovník  |c Ota Dubský 
250 |a 1. vyd. 
260 |a Praha  |b Orbis  |c 1955 
300 |a 591 s. 
490 1 |a Zahraniční obchod 
830 0 |a Zahraniční obchod 
910 |a savuk 
910 |a SCHK95 
999 |c 720  |d 720